[Event "30th Open"]
[Site "San Sebastian ESP"]
[Date "2007.04.06"]
[Round "7"]
[White "Gonzalez Sagasti,J"]
[Black "Riesco Lekuona,J"]
[Result "0-1"]
[WhiteElo "1844"]
[BlackElo "1964"]

1.e4 c5 2.Nf3 d6 3.d4 cxd4 4.Nxd4 Nf6 5.Nc3 a6 6.f3 e5 7.Nb3 Be6 8.Be2 Be7
9.Bg5 Nbd7 10.O-O b5 11.a3 Qb6+ 12.Kh1 h6 13.Bh4 g5 14.Bf2 Qc7 15.Nc1 Nb6
16.Nd3 Nc4 17.Nb4 Nxb2 18.Ncd5 Bxd5 19.Nxd5 Nxd5 20.Qxd5 Rc8 21.Bxb5+ axb5
22.Qxb5+ Kf8 23.Qxb2 Qxc2 24.Qxc2 Rxc2 25.Rac1 Rxc1 26.Rxc1 Kg7 27.a4 Ra8
28.Ra1 Bd8 29.Be1 Bb6 30.a5 Kf6 31.Bc3 Bc5 32.g3 Ke6 33.Kg2 f5 34.Kf1 fxe4
35.fxe4 Rf8+ 36.Kg2 g4 37.Be1 Rb8 38.Ra2 Rb1 39.Bf2 Rb7 40.a6 Ra7 41.Bxc5 dxc5
42.Kf2 Kd6 43.Ke3 Kc6 44.Kd3 Kb5 45.Kc3 Rxa6 46.Rxa6 Kxa6 47.Kc4 Kb6 48.Kd5 Kb5
49.Kxe5 c4 50.Kd4 Kb4 51.e5 c3 52.e6 c2 53.e7 c1=Q 54.Ke5 Qc8 55.Kf6 Qe8
56.Kf5 h5 57.Kg5 Kc5 58.Kh4 Kd6 59.h3 Qxe7+  0-1

[Event "1st Archil Ebralidze Mem"]
[Site "Tbilisi GEO"]
[Date "2007.04.06"]
[Round "5"]
[White "Aroshidze,L"]
[Black "Ter Karapetian,Ar"]
[Result "1-0"]
[WhiteElo "2500"]
[BlackElo "2103"]

1.e4 c5 2.Nf3 d6 3.d4 cxd4 4.Nxd4 Nf6 5.Nc3 a6 6.f3 e6 7.Be3 b5 8.Qd2 b4
9.Na4 Nbd7 10.O-O-O Qa5 11.b3 Bb7 12.a3 Qc7 13.axb4 d5 14.b5 dxe4 15.bxa6 Bxa6
16.Nb5 Qc6 17.Qa5 Ba3+ 18.Kb1 Nd5 19.Rxd5 Bxb5 20.Bxb5 Rxa5 21.Bxc6 exd5
22.Nb6 O-O 23.Nxd7 Rc8 24.Ba4 Bd6 25.h3 Rca8 26.Rd1 Bc7 27.Bb6 Bxb6 28.Nxb6 Rb8
29.Rxd5  1-0

[Event "LIII Mexican Open"]
[Site "Aguascalientes MEX"]
[Date "2007.04.07"]
[Round "8"]
[White "Quezada,Y"]
[Black "Quinones Centeno,C"]
[Result "1-0"]
[WhiteElo "2515"]
[BlackElo "2152"]

1.e4 c5 2.Nf3 d6 3.d4 cxd4 4.Nxd4 Nf6 5.Nc3 a6 6.f3 e5 7.Nb3 Be6 8.Be3 Be7
9.Qd2 O-O 10.O-O-O b5 11.g4 b4 12.Nd5 Bxd5 13.exd5 a5 14.Kb1 a4 15.Nc1 Na6
16.g5 Nh5 17.Rg1 Qa5 18.Rg4 Rfb8 19.Bxa6 Rxa6 20.Nd3 b3 21.Qxa5 bxc2+ 22.Kxc2 Rxa5
23.Nb4 Rc8+ 24.Nc6 Raa8 25.Rc4 Kf8 26.Kd3 f5 27.h4 f4 28.Bf2 h6 29.Rg1 hxg5
30.hxg5 g6 31.Ba7 Ng3 32.Rxa4 Bxg5 33.b4 Bd8 34.Ra6 Rc7 35.b5  1-0

[Event "8th ch-Euro w"]
[Site "Dresden GER"]
[Date "2007.04.07"]
[Round "5"]
[White "Zakurdjaeva,I"]
[Black "Collas,S"]
[Result "1-0"]
[WhiteElo "2296"]
[BlackElo "2389"]

1.e4 c5 2.Nf3 d6 3.d4 cxd4 4.Nxd4 Nf6 5.Nc3 a6 6.f3 e5 7.Nb3 Be6 8.Be3 Be7
9.Qd2 Nbd7 10.O-O-O O-O 11.g4 b5 12.g5 b4 13.Ne2 Ne8 14.f4 a5 15.f5 a4 16.fxe6 axb3
17.exf7+ Rxf7 18.Kb1 bxc2+ 19.Qxc2 Kh8 20.Ng3 Rc8 21.Qd2 Nc5 22.Bh3 Rc7 23.Rhf1 Rxf1
24.Rxf1 g6 25.Rf7 Ng7 26.Qd5 Qg8 27.Bg4 b3 28.axb3 Nd3 29.Be2 Nf4 30.Bxf4 exf4
31.Rxf4 Ne6 32.Rf1 Rc5 33.Qb7 Rc7 34.Qb6 Qd8 35.Bc4 Bxg5 36.Ne2 Nc5 37.Nc3 Kg7
38.Bd5 Kh6 39.b4 Nd3 40.Qd4 Ne5 41.b5 Rc5 42.Qf2 Kg7 43.b6 Bh4 44.Qg2 Bf6
45.b7 Nd7 46.Qh3 Nf8 47.Qf3 Nd7 48.Qg4 Nf8 49.Qf4 Nd7 50.Qxd6 Bxc3 51.Rf7+ Kh6
52.Rxd7  1-0

[Event "18th Pobeskydi Hamont Cup"]
[Site "Frydek Mistek CZE"]
[Date "2007.04.07"]
[Round "6"]
[White "Chocenka,D"]
[Black "Jasny,S"]
[Result "1-0"]
[WhiteElo "2295"]
[BlackElo "2378"]

1.e4 c5 2.Nf3 d6 3.d4 cxd4 4.Nxd4 Nf6 5.Nc3 a6 6.f3 e6 7.Be3 Be7 8.g4 Nc6
9.Qd2 O-O 10.O-O-O Nxd4 11.Qxd4 Nd7 12.Qd2 Ne5 13.Qg2 Qa5 14.f4 Nd7 15.Kb1 Rb8
16.Ba7 Ra8 17.Be3 b5 18.e5 d5 19.Bd4 b4 20.Ne2 Qc7 21.Qg3 Nc5 22.Bg2 Ne4
23.Bxe4 dxe4 24.Qe3 a5 25.Ng3 Bb7 26.f5 Rfc8 27.Rd2 Bf8 28.Nxe4 a4 29.Rc1 Bd5
30.Qe2 Qb7 31.Nd6 Bxd6 32.exd6 b3 33.fxe6 fxe6 34.c4 Rxc4 35.Bc3 Re4 36.Qd1 bxa2+
37.Ka1 Rd8 38.Bxg7 Rxd6 39.Bc3 Qf7 40.Rd4 Qf4 41.Rd2 Rd8 42.Qg1 Rf8 43.g5 Rc4
44.Rcd1 a3 45.g6 h6 46.Qa7 axb2+ 47.Bxb2 Rc7 48.Qa5 Qc4 49.Rd4 Rf1 50.Rxc4 Rxd1+
51.Kxa2 Bxc4+ 52.Ka3 Rd3+ 53.Bc3 Rcd7 54.Kb2 R3d5 55.Qa8+ Rd8 56.Qa7 R5d7
57.Qc5 Bd3 58.Qe5 Rb7+ 59.Kc1 Rb1+ 60.Kd2 Bxg6+ 61.Ke2 Bd3+ 62.Ke3 Kf8 63.Qf6+ Ke8
64.Qxe6+ Kf8 65.Qxh6+ Ke8 66.Qh5+ Kf8 67.Qh8+ Ke7 68.Bf6+  1-0

[Event "8th ch-Euro w"]
[Site "Dresden GER"]
[Date "2007.04.08"]
[Round "6"]
[White "Zawadzka,J"]
[Black "Dzagnidze,N"]
[Result "1-0"]
[WhiteElo "2350"]
[BlackElo "2463"]

1.e4 c5 2.Nf3 d6 3.d4 cxd4 4.Nxd4 Nf6 5.Nc3 a6 6.f3 e6 7.Be3 b5 8.g4 b4 9.Nce2 e5
10.Nb3 Be6 11.g5 Nh5 12.Qd2 Be7 13.Ng3 Nf4 14.Bxf4 exf4 15.Nh5 O-O 16.Qd4 f6
17.Bc4 Bxc4 18.Qxc4+ Kh8 19.Nd4 Nd7 20.Nxg7 fxg5 21.Nge6 Qc8 22.Qb3 Nc5 23.Qd5 Nxe6
24.Nxe6 Qxc2 25.Nxf8 Rxf8 26.O-O Qxb2 27.Rfb1 Qc3 28.Rc1 Qe3+ 29.Kh1 g4 30.Qe6 Bd8
31.Qxd6 Re8 32.Re1 Qc3 33.Qxf4 Bc7 34.Qf7 Rg8 35.Qf8  1-0

[Event "30th Open"]
[Site "San Sebastian ESP"]
[Date "2007.04.08"]
[Round "9"]
[White "Garro Beraza,H"]
[Black "Luaces Rubio,A"]
[Result "1-0"]
[WhiteElo "1918"]
[BlackElo "2027"]

1.e4 c5 2.Nf3 d6 3.d4 cxd4 4.Nxd4 Nf6 5.Nc3 a6 6.f3 e6 7.Be3 Be7 8.Qd2 Nc6
9.O-O-O Qc7 10.g4 b5 11.h4 Bb7 12.h5 h6 13.Kb1 Rc8 14.g5 hxg5 15.Bxg5 Nxd4
16.Qxd4 b4 17.Qxb4 d5 18.Qa4+ Kf8 19.exd5 Nxd5 20.Nxd5 Bxd5 21.Bxe7+ Qxe7
22.Qg4 f5 23.Qg3 a5 24.Qf4 Kf7 25.Bd3 Qc7 26.Qxc7+ Rxc7 27.Rdf1 Kf6 28.Be2 e5
29.Rh2 g5 30.Rd1 Ke6 31.h6 Rch7 32.c4 Bc6 33.Rh5 Rg8 34.c5 Bd5 35.b3 e4 36.Rxd5 Kxd5
37.Bc4+ Kxc5 38.Bxg8 Rh8 39.h7 exf3 40.Rxg5 Kd4 41.Rxf5 Ke3 42.Rxa5 Kf4 43.Ra7  1-0

[Event "8th ch-Euro w"]
[Site "Dresden GER"]
[Date "2007.04.11"]
[Round "8"]
[White "Vasilkova,S"]
[Black "Danelia,M"]
[Result "1-0"]
[WhiteElo "2346"]
[BlackElo "2056"]

1.e4 c5 2.Nf3 d6 3.d4 cxd4 4.Nxd4 Nf6 5.Nc3 a6 6.f3 Qb6 7.Nb3 e6 8.Qe2 Qc7
9.Be3 Be7 10.g4 b5 11.O-O-O O-O 12.g5 Nfd7 13.Qf2 Nc6 14.f4 b4 15.Na4 Bb7
16.Kb1 Rac8 17.Bd3 Rfe8 18.Rhg1 Bf8 19.Rg3 g6 20.Rh3 Bg7 21.Nb6 Nxb6 22.Bxb6 Qe7
23.e5 dxe5 24.Bc5 Qd8 25.Be2 Nd4 26.fxe5 Qxg5 27.Bxd4 Be4 28.Nc5 Bxc2+ 29.Kxc2 Bxe5
30.Be3 Bf4 31.Qxf4 Rxc5+ 32.Kb1 Qg2 33.Bxc5  1-0

[Event "8th ch-Euro"]
[Site "Dresden GER"]
[Date "2007.04.12"]
[Round "9"]
[White "Potkin,V"]
[Black "Kanep,M"]
[Result "0-1"]
[WhiteElo "2593"]
[BlackElo "2508"]

1.e4 c5 2.Nf3 d6 3.d4 cxd4 4.Nxd4 Nf6 5.Nc3 a6 6.f3 e6 7.Be3 b5 8.Qd2 Nbd7
9.g4 h6 10.O-O-O Bb7 11.h4 b4 12.Na4 Qa5 13.b3 Nc5 14.a3 Nxa4 15.axb4 Qc7
16.bxa4 Nd7 17.Kb2 d5 18.exd5 Bxd5 19.c4 Bxb4 20.Qxb4 Bxf3 21.Bd3 Bxd1 22.Rxd1 Rb8
23.Nb5 Qe5+ 24.Ka2 Qxe3 25.Nd6+ Kf8 26.Nb7+ Kg8 27.Bc2 Qb6 28.Qxb6 Nxb6 29.c5 Nd5
30.Rxd5 exd5 31.c6 Rc8 32.Na5 Kf8 33.Bd3 Ke7  0-1

[Event "8th ch-Euro"]
[Site "Dresden GER"]
[Date "2007.04.13"]
[Round "10"]
[White "Lupulescu,C"]
[Black "Smirnov,P"]
[Result "1/2-1/2"]
[WhiteElo "2565"]
[BlackElo "2631"]

1.e4 c5 2.Nf3 d6 3.d4 cxd4 4.Nxd4 Nf6 5.Nc3 a6 6.f3 e6 7.Be3 b5 8.g4 h6 9.a3 Nbd7
10.Qd2 Bb7 11.O-O-O Ne5 12.Be2 Rc8 13.h4 Nfd7 14.Nb3 Nb6 15.Na5 Ba8 16.g5 Nbd7
17.Nb3 Nb6 18.Na5 Nbd7 19.Nb3 Nb6  1/2-1/2

[Event "8th ch-Euro"]
[Site "Dresden GER"]
[Date "2007.04.14"]
[Round "11"]
[White "Pitl,G"]
[Black "Bruned,B"]
[Result "1-0"]
[WhiteElo "2367"]
[BlackElo "2194"]

1.e4 c5 2.Nf3 d6 3.d4 cxd4 4.Nxd4 Nf6 5.Nc3 a6 6.f3 e6 7.Be3 b5 8.Qd2 Nbd7
9.g4 Nb6 10.a4 Nc4 11.Bxc4 bxc4 12.O-O-O Bb7 13.g5 Nd7 14.h4 Qa5 15.h5 Nc5
16.g6 Nxa4 17.Nxa4 Qxa4 18.Kb1 Qd7 19.gxf7+ Qxf7 20.Qa5 Qd7 21.Rhg1 Bc8 22.f4 Rb8
23.Bc1 Qb7 24.Qa4+ Bd7 25.Qxc4 Rc8 26.Qd3 Kf7 27.e5 d5 28.f5 exf5 29.Nxf5 Be6
30.Rxg7+ Bxg7 31.Nd6+  1-0

[Event "8th ch-Euro"]
[Site "Dresden GER"]
[Date "2007.04.14"]
[Round "11"]
[White "Szabo,Kr1"]
[Black "Naumann,A"]
[Result "1/2-1/2"]
[WhiteElo "2438"]
[BlackElo "2543"]

1.e4 c5 2.Nf3 d6 3.d4 cxd4 4.Nxd4 Nf6 5.Nc3 a6 6.f3 e6 7.Be3 b5 8.Qd2 b4
9.Na4 Nbd7 10.O-O-O Qa5 11.b3 Bb7 12.g4 Nc5 13.a3 Nxa4 14.axb4 Qc7 15.bxa4 Nd7
16.a5 d5 17.Bf4 e5 18.Bg3 dxe4 19.Nf5 g6 20.Nd6+ Bxd6 21.Qxd6 Qxd6 22.Rxd6 Ke7
23.Rd2 exf3 24.Bc4 Rhd8 25.Rhd1  1/2-1/2

[Event "5th Arab Cities"]
[Site "Beirut LBN"]
[Date "2007.04.15"]
[Round "9"]
[White "Ahmad,Az"]
[Black "Mouradian,K"]
[Result "1-0"]
[WhiteElo "2317"]
[BlackElo "2178"]

1.e4 c5 2.Nf3 d6 3.d4 cxd4 4.Nxd4 Nf6 5.Nc3 a6 6.Be3 Ng4 7.Bc1 Nf6 8.f3 Qb6
9.Nb3 e6 10.Qe2 Qc7 11.Be3 Nc6 12.O-O-O b5 13.g4 Nd7 14.f4 b4 15.Nb1 a5 16.Nd4 Nxd4
17.Bxd4 Ba6 18.Qf2 e5 19.Be3 Be7 20.Bxa6 Rxa6 21.f5 O-O 22.g5 Rc8 23.Qg2 Rc6
24.Rd2 Bf8 25.h4 Nc5 26.Bxc5 Rxc5 27.h5 Qb7 28.g6 fxg6 29.fxg6 h6 30.Rf1 Qe7
31.Qf3 R5c7 32.Rdf2 Qe8 33.Qb3+  1-0

[Event "Icaro Open"]
[Site "Mexico City MEX"]
[Date "2007.04.27"]
[Round "2"]
[White "Perelshteyn,E"]
[Black "Sanchez Enriquez,O"]
[Result "1/2-1/2"]
[WhiteElo "2531"]
[BlackElo "2242"]

1.e4 c5 2.Nf3 d6 3.d4 cxd4 4.Nxd4 Nf6 5.Nc3 a6 6.f3 e6 7.Be3 b5 8.Qd2 Nbd7
9.g4 Nb6 10.a4 Nc4 11.Bxc4 bxc4 12.a5 Bb7 13.g5 Nd7 14.h4 Be7 15.h5 Rb8 16.Qg2 Nc5
17.Rh3 g6 18.hxg6 fxg6 19.Qh2 Bxg5 20.Bxg5 Qxg5 21.Nde2 Rd8 22.Rxh7 Rxh7
23.Qxh7 Qh5 24.Qg8+ Kd7 25.Qf7+ Kc8 26.O-O-O Qh6+ 27.Kb1 g5 28.Nd4 Rd7 29.Qe8+ Rd8
30.Qe7 Rd7 31.Qe8+  1/2-1/2

[Event "TCh-FRA Top 16"]
[Site "Montpellier FRA"]
[Date "2007.04.29"]
[Round "5"]
[White "Berthelot,Y"]
[Black "Pucher,S"]
[Result "1/2-1/2"]
[WhiteElo "2317"]
[BlackElo "2254"]

1.e4 c5 2.Nf3 d6 3.d4 cxd4 4.Nxd4 Nf6 5.Nc3 a6 6.f3 e5 7.Nb3 Be6 8.Be3 Nbd7
9.Qd2 b5 10.O-O-O Rc8 11.Kb1 Be7 12.g4 Nb6 13.Qf2 Nfd7 14.Nd5 Bxd5 15.exd5 Nc4
16.Bc1 O-O 17.Qe1 Bg5 18.Bxc4 bxc4 19.Na5 Bxc1 20.Nc6 Qe8 21.Kxc1 Nb8 22.Nxb8 Rxb8
23.Qc3 Qa4 24.a3 f5 25.gxf5 Rxf5 26.Rhg1 Rf4 27.Rg3 Qb5 28.Kb1 Qc5 29.Rg4 Rxg4
30.fxg4 Rf8 31.b4 Qb5 32.Ka2 Rf4 33.h3 h6 34.Rd2 Qa4 35.Kb2 Qb5 36.Ka2 Qa4
37.Kb2 Qb5 38.Ka2 Qa4 39.Kb1 Qb5 40.Ka2 Qa4  1/2-1/2

[Event "2nd President's Cup"]
[Site "Baku AZE"]
[Date "2007.05.03"]
[Round "1"]
[White "Aroshidze,L"]
[Black "Rzaev,A"]
[Result "1-0"]
[WhiteElo "2500"]
[BlackElo "2059"]

1.e4 c5 2.Nf3 d6 3.d4 cxd4 4.Nxd4 Nf6 5.Nc3 a6 6.f3 e6 7.Be3 Be7 8.Qd2 Nc6
9.O-O-O O-O 10.g4 Nxd4 11.Qxd4 b5 12.h4 Nd7 13.g5 Bb7 14.Kb1 Qa5 15.h5 b4
16.Ne2 e5 17.Qd2 Rfd8 18.Nc1 d5 19.exd5 Nf8 20.Bc4 Qc7 21.b3 Bd6 22.Nd3 a5
23.f4 exf4 24.Bxf4 Ba6 25.Bxa6 Rxa6 26.h6 g6 27.Rhe1 Rc8 28.Re2 Qd8 29.Bxd6 Rxd6
30.Nf2 Qb6 31.Ne4 Rdd8 32.Nf6+ Kh8 33.Re7 Rc7 34.Rxc7 Qxc7 35.Qd4 Ne6 36.dxe6 Rxd4
37.Rxd4  1-0

[Event "Mitropa Cup Women"]
[Site "Szeged HUN"]
[Date "2007.05.08"]
[Round "1"]
[White "Domany,Z"]
[Black "Vajda,S"]
[Result "0-1"]
[WhiteElo "2167"]
[BlackElo "2407"]

1.e4 c5 2.Nf3 d6 3.d4 cxd4 4.Nxd4 Nf6 5.Nc3 a6 6.f3 e5 7.Nb3 Be6 8.Be3 Be7
9.Qd2 O-O 10.O-O-O Nbd7 11.g4 b5 12.g5 Nh5 13.Nd5 Bxd5 14.exd5 f5 15.gxf6 Bxf6
16.Kb1 Nb6 17.Qd3 Nc4 18.Bc1 Bg5 19.Bxg5 Qxg5 20.Nd2 Nxd2+ 21.Rxd2 Rxf3 22.Qxf3 Qxd2
23.Bd3 Nf4 24.Rf1 Rf8 25.Qg4 Qxh2 26.Rg1 g6 27.Be4 Qh3 28.Qd1 Nh5 29.a3 Rf4
30.Bg2 Qf5 31.Rh1 Rf2 32.Bh3 Qf4 33.Qd3 Qd2 34.Qb3 Ng3 35.Rc1 Ne2  0-1

[Event "42nd Capablanca Mem Abierto"]
[Site "Havana CUB"]
[Date "2007.05.18"]
[Round "1"]
[White "Espinosa,E"]
[Black "Naranjo,S"]
[Result "1/2-1/2"]
[WhiteElo "2380"]
[BlackElo "2039"]

1.e4 c5 2.Nf3 d6 3.d4 cxd4 4.Nxd4 Nf6 5.Nc3 a6 6.f3 e5 7.Nb3 Be6 8.Be3 h5
9.Qd2 Nbd7 10.O-O-O Rc8 11.Kb1 b5 12.Nd5 Bxd5 13.exd5 Nb6 14.Bxb6 Qxb6 15.Bd3 g6
16.f4 Bh6 17.Qe2 O-O 18.fxe5 dxe5 19.Be4 Rc4 20.Bd3 Rf4 21.g3 Rf2 22.Qxe5 Re8
23.Qd4 Qxd4 24.Nxd4 Nxd5 25.Rdf1 Rxf1+ 26.Rxf1 Nb4 27.Rd1 Re3 28.Bf1 Bg7
29.c3 Nd5 30.Nc2 Re5 31.c4 Nb6 32.cxb5 axb5 33.Rd8+ Kh7 34.Rb8 Nc4 35.Bxc4 bxc4
36.a4 Ra5 37.Rb4 c3 38.b3 Rd5 39.Rf4 Rd1+ 40.Ka2 Rd2 41.Kb1 Rd1+ 42.Ka2 Rd2
43.Kb1  1/2-1/2

[Event "16th TCh-CRO"]
[Site "Sibenik CRO"]
[Date "2007.05.19"]
[Round "3"]
[White "Sindik,E"]
[Black "Stimac,J"]
[Result "1-0"]
[WhiteElo "2323"]
[BlackElo "2037"]

1.e4 c5 2.Nf3 d6 3.d4 cxd4 4.Nxd4 Nf6 5.Nc3 a6 6.f3 e6 7.Be3 Qc7 8.Qd2 Bd7
9.g4 b5 10.g5 Nh5 11.O-O-O b4 12.Nce2 Qa5 13.Kb1 Nc6 14.Ng3 Nxg3 15.hxg3 g6
16.f4 e5 17.Nxc6 Bxc6 18.fxe5 dxe5 19.Bc4 h5 20.Qf2 Qc7 21.Bb6 Qe7 22.Rd6 Bb5
23.Bb3 Bg7 24.Bc5 O-O 25.Rxg6 Qd7 26.Rxg7+  1-0

[Event "42nd Capablanca Mem Abierto"]
[Site "Havana CUB"]
[Date "2007.05.22"]
[Round "5"]
[White "Ortiz Suarez,I"]
[Black "Naranjo,S"]
[Result "1-0"]
[WhiteElo "2387"]
[BlackElo "2039"]

1.e4 c5 2.Nf3 d6 3.d4 cxd4 4.Nxd4 Nf6 5.Nc3 a6 6.Be3 Ng4 7.Bc1 Nf6 8.f3 e5
9.Nb3 Be6 10.Be3 h5 11.Qd2 Nbd7 12.O-O-O Rc8 13.Kb1 b5 14.Bd3 Nb6 15.Qf2 Nc4
16.Bxc4 bxc4 17.Nc5 Qc7 18.Nxe6 fxe6 19.Ka1 Be7 20.h3 Qc6 21.g4 Rf8 22.Qg2 Rf7
23.gxh5 d5 24.exd5 exd5 25.Bg5 d4 26.Bxf6 Qxf6 27.Ne4 Qb6 28.Rhe1 c3 29.bxc3 dxc3
30.Rb1 Qa5 31.Qg6 Qd5 32.Ng5 Bxg5 33.Qxg5 Qxf3 34.h6 gxh6 35.Qxe5+ Kd7 36.Red1+ Kc6
37.Qd6+  1-0

[Event "42nd Capablanca Mem Abierto"]
[Site "Havana CUB"]
[Date "2007.05.22"]
[Round "5"]
[White "Soto Paez,O"]
[Black "Abreu Delgado,A"]
[Result "0-1"]
[WhiteElo "2350"]
[BlackElo "2498"]

1.e4 c5 2.Nf3 d6 3.d4 cxd4 4.Nxd4 Nf6 5.Nc3 a6 6.f3 e5 7.Nb3 Be6 8.Be3 h5
9.Qd2 Nbd7 10.O-O-O Qc7 11.Nd5 Bxd5 12.exd5 Nb6 13.Bxb6 Qxb6 14.Qe2 Be7 15.g3 Kf8
16.Bg2 a5 17.a3 a4 18.Na1 Nd7 19.c3 Nc5 20.Kb1 h4 21.Rhe1 Bf6 22.Nc2 g6 23.Qe3 Kg7
24.g4 Nd7 25.Qd2 Qd8 26.h3 Bg5 27.Qf2 Qb6 28.Qe2 Ra5 29.Nb4 Rc8 30.Bf1 Bf4
31.Qc2 Nf6 32.Qd3 Rcc5 33.c4 Rc8 34.Re2 Nd7 35.Qc2 Nc5 36.Ka2 Qd8 37.Qc3 Raa8
38.Nd3 Nxd3 39.Qxd3 Rc5 40.Re4 Ra6 41.Qc3 Rb6 42.Qc2 Ra6 43.Qc3 Qa5 44.Qxa5 Raxa5
45.b4 axb3+ 46.Kxb3 Ra7 47.a4 Rca5 48.Ra1 Kf6 49.Bd3 Kg5 50.Bc2 Bg3 51.Kc3 f5
52.Re2 Kf4 53.gxf5 gxf5 54.Rf1 b6 55.Kb4 Rg7 56.Kc3 Kg5 57.Rg2 Kf6 58.Kd3 Rg5
59.Rb1 Ra6 60.Ke2 Rg7 61.Kd3 Re7 62.Rf1 e4+ 63.fxe4 Rxe4 64.Re2 Re5 65.Kd2 Rxe2+
66.Kxe2 f4 67.Kf3 Ra7 68.Rb1 Re7 69.Be4 Ke5 70.Rxb6 Kd4 71.Rxd6 Rxe4 72.Re6 Re3+
73.Rxe3 fxe3 74.Ke2 Bd6 75.a5 Bc5 76.a6 Ke5 77.Kf3 Kd6 78.Ke2 Kc7 79.Kd3 Kb6
80.Ke2 Kxa6  0-1

[Event "42nd Capablanca Mem Abierto"]
[Site "Havana CUB"]
[Date "2007.05.24"]
[Round "6"]
[White "Garcia Pantoja,R"]
[Black "Fernandez,Alex"]
[Result "0-1"]
[WhiteElo "2230"]
[BlackElo "2414"]

1.e4 c5 2.Nf3 d6 3.d4 cxd4 4.Nxd4 Nf6 5.Nc3 a6 6.f3 e6 7.Be3 b5 8.Qd2 Bb7
9.O-O-O Nbd7 10.g4 Rc8 11.g5 Nh5 12.Kb1 Ne5 13.a3 g6 14.f4 Nc4 15.Bxc4 Rxc4
16.Rhe1 Qc8 17.f5 e5 18.Nb3 gxf5 19.exf5 Bf3 20.f6 h6 21.g6 fxg6 22.f7+ Kxf7
23.Rf1 Qf5 24.Qc1 Nf6 25.Nd2 e4 26.Nxc4 bxc4 27.Bd4 Be7 28.Bxf6 Bxf6 29.Rd5 Be5
30.Qe3 Kg7 31.Nxe4 Qxe4 32.Qxf3 Qxf3 33.Rxf3 Rb8 34.c3 Bxh2 35.Rd4 Rc8 36.Kc2 Be5
37.Rd2 g5 38.Kd1 h5 39.Ke1 g4 40.Rg2 Kg6 41.Kf1 Kg5  0-1

[Event "3rd UKR Games Men"]
[Site "Evpatoria UKR"]
[Date "2007.05.25"]
[Round "7"]
[White "Onischuk,V"]
[Black "Shneider,A"]
[Result "1/2-1/2"]
[WhiteElo "2480"]
[BlackElo "2532"]

1.e4 c5 2.Nf3 d6 3.d4 cxd4 4.Nxd4 Nf6 5.Nc3 a6 6.f3 e5 7.Nb3 Be6 8.Be3 Nbd7
9.Qd2 h5 10.O-O-O Rc8 11.Kb1 Be7 12.h3 b5 13.Bd3 h4 14.f4 Qc7 15.Rhe1 g6
16.Qf2 Bc4  1/2-1/2

[Event "42nd Capablanca Mem Abierto"]
[Site "Havana CUB"]
[Date "2007.05.25"]
[Round "7"]
[White "Espinosa,E"]
[Black "Zambrana,O"]
[Result "0-1"]
[WhiteElo "2380"]
[BlackElo "2495"]

1.e4 c5 2.Nf3 d6 3.d4 cxd4 4.Nxd4 Nf6 5.Nc3 a6 6.f3 e6 7.Be3 b5 8.Qd2 b4
9.Nce2 e5 10.Nb3 Nc6 11.Ng3 Be6 12.f4 Be7 13.f5 Bc8 14.Bc4 h6 15.Qe2 Bb7
16.Nh5 O-O 17.O-O-O Qc7 18.Nxf6+ Bxf6 19.h4 Rfc8 20.Bd5 a5 21.g4 a4 22.g5 axb3
23.gxf6 Nd4 24.Bxd4 Bxd5 25.axb3 Ra1+ 26.Kd2 Qxc2+  0-1

[Event "50th TCh-SRB Cup"]
[Site "Mataruska Banja SRB"]
[Date "2007.05.25"]
[Round "5"]
[White "Leskur,D"]
[Black "Kovacevic,A"]
[Result "1/2-1/2"]
[WhiteElo "2482"]
[BlackElo "2555"]

1.e4 c5 2.Nf3 d6 3.d4 cxd4 4.Nxd4 Nf6 5.Nc3 a6 6.f3 e5 7.Nb3 Be6 8.Be3 Be7
9.Qd2 O-O 10.O-O-O a5 11.Bb5 Na6 12.Kb1 Nc7 13.Bb6 Qb8 14.Bxc7 Qxc7 15.a3 Rfc8
16.Qf2 Nd7 17.Nd5 Bxd5 18.Rxd5 Nb6 19.Rd3 a4 20.Nc1 Qc5 21.Qxc5 Rxc5 22.c4 Nxc4
23.Bxc4 Rxc4 24.Na2 Rac8 25.Rc1 Rxc1+ 26.Nxc1 g6 27.Na2 Rc4 28.Nc3 f5 29.Rd5 fxe4
30.fxe4 h6 31.Kc2 Kf7 32.Kd3 Rc6 33.Nxa4 Ke6 34.Rb5 Bd8 35.Nc3 Rc7 36.a4 Rf7
37.Ke2 Rc7 38.Rb4 h5 39.Kd3 Rf7 40.Ke2 Rc7 41.Kd3 Rf7 42.Ke2  1/2-1/2

[Event "VII Mario Covas"]
[Site "Santos BRA"]
[Date "2007.05.25"]
[Round "7"]
[White "Cubas,Jo"]
[Black "Leitao,R"]
[Result "0-1"]
[WhiteElo "2447"]
[BlackElo "2603"]

1.e4 c5 2.Nf3 d6 3.d4 cxd4 4.Nxd4 Nf6 5.Nc3 a6 6.f3 e6 7.Be3 Be7 8.Qd2 Nc6
9.O-O-O O-O 10.g4 Nd7 11.Rg1 Nxd4 12.Qxd4 b5 13.g5 Bb7 14.h4 Ne5 15.Rg3 Rc8
16.h5 Qa5 17.Kb1 b4 18.Ne2 Nc4 19.Nc1 Nxe3 20.Qxe3 Qc5 21.Qd2 a5 22.Nd3 Qd4
23.Bh3 Ba6 24.g6 Bf6 25.gxf7+ Kxf7 26.f4 Bxd3 27.cxd3 Rc5 28.e5 dxe5 29.Re3 Rd8
30.Qe2 exf4 31.Bxe6+ Kf8 32.Re4 Re5 33.Rxe5 Bxe5 34.Re1 Bf6 35.Bf5 a4 36.Bxh7 a3
37.Bg6 Qxb2+ 38.Qxb2 axb2 39.Rf1 Be5 40.Re1 Bf6 41.Rf1 b3 42.axb3 Ra8 43.Kc2 Ra1
44.Rb1 f3 45.Be4 f2 46.Bg2 Ke7 47.b4 Kd6 48.Rf1 Re1  0-1

[Event "Spring Open"]
[Site "Uzhgorod UKR"]
[Date "2007.05.25"]
[Round "3"]
[White "Michalko,M"]
[Black "Matvienko,V"]
[Result "0-1"]
[WhiteElo "1766"]
[BlackElo "1977"]

1.e4 c5 2.Nf3 d6 3.d4 cxd4 4.Nxd4 Nf6 5.Nc3 a6 6.f3 e5 7.Nb3 Be6 8.Bg5 Nbd7
9.Qd2 Be7 10.Be2 O-O 11.O-O Rc8 12.Rad1 b5 13.Kh1 h6 14.Be3 Nb6 15.Na5 Qc7
16.Bd3 d5 17.exd5 Nbxd5 18.Nxd5 Nxd5 19.Nb3 Nb4 20.c3 Nxd3 21.Qxd3 Bc4 22.Qf5 Bxf1
23.Rd7 Qc4 24.Bxh6 Qe6 25.Qxe6 fxe6 26.Bxg7 Kxg7 27.Rxe7+ Kf6 28.Ra7 b4 29.Kg1 bxc3
30.Kxf1 cxb2 31.Nd2 Rc1+ 32.Ke2 Rc2 33.Rb7 Rd8 34.Rb3 Rcxd2+  0-1

[Event "VII Mario Covas"]
[Site "Santos BRA"]
[Date "2007.05.26"]
[Round "8"]
[White "Cubas,Jo"]
[Black "Mekhitarian,K"]
[Result "1-0"]
[WhiteElo "2447"]
[BlackElo "2416"]

1.e4 c5 2.Nf3 d6 3.d4 cxd4 4.Nxd4 Nf6 5.Nc3 a6 6.f3 e5 7.Nb3 Be7 8.Be3 Be6
9.Qd2 O-O 10.O-O-O Nbd7 11.g4 Qc7 12.g5 Nh5 13.Kb1 b5 14.Nd5 Bxd5 15.exd5 Nb6
16.Na5 Nxd5 17.Qxd5 Qxa5 18.c4 Rab8 19.Bd3 g6 20.Rc1 Qb4 21.cxb5 axb5 22.Rc7 Bd8
23.Rc6 Nf4 24.Bxf4 Qxf4 25.h4 Rb6 26.Be4 Rxc6 27.Qxc6 Qe3 28.Qxb5 Bb6 29.a4 Ba7
30.a5 Rb8 31.Qd3 Qf2 32.Qc2 Qxc2+ 33.Kxc2 Bd4 34.Rb1 d5 35.Bd3 Rb4 36.b3 h5
37.a6 Kf8 38.Rd1 Rb6 39.Bf1 Rc6+ 40.Kb1 Rc3 41.Ka2 Ke7 42.Ka3 Kd6 43.Ka4 Rxf3
44.Bg2 Rf2 45.Bh1 Rc2 46.b4 Rc4 47.Kb5 Rc8 48.Rxd4 exd4 49.a7 d3 50.Kb6 d2
51.Bf3 Ke5 52.Kb7 Kf4 53.Bd1 Rc1 54.Ba4 d1=Q 55.Bxd1 Rxd1 56.a8=Q d4 57.b5 d3
58.Qa4+  1-0

[Event "Okie B"]
[Site "Tulsa USA"]
[Date "2007.05.28"]
[Round "6"]
[White "Nugent,M"]
[Black "Trammell,G"]
[Result "1-0"]
[WhiteElo "1894"]
[BlackElo "2069"]

1.e4 c5 2.Nf3 d6 3.d4 cxd4 4.Nxd4 Nf6 5.Nc3 a6 6.f3 e5 7.Nb3 Be6 8.Be3 Nc6
9.Qd2 Qc7 10.O-O-O O-O-O 11.Qf2 Nd7 12.Nd5 Bxd5 13.exd5 Na5 14.Rd3 Kb8 15.Nd2 b6
16.Rc3 Qa7 17.b4 Nb7 18.Nc4 Ndc5 19.bxc5 dxc5 20.Nxe5 Na5 21.Nc6+ Nxc6 22.dxc6 Bd6
23.Ra3 a5 24.Rb3 Ka8 25.Bb5 Qc7 26.f4 Rhe8 27.g3 Re4 28.Re1 g6 29.Bd2 Rd4
30.Bc3 Rd5 31.Bf6 Rf8 32.Rbe3 Rf5 33.Be7 Bxe7 34.Rxe7 Qd6 35.c7 Rd5 36.Qf3  1-0

[Event "35th World Open"]
[Site "King of Prussia USA"]
[Date "2007.06.04"]
[Round "8"]
[White "Arakhamia,K"]
[Black "Aramil,W"]
[Result "1-0"]
[WhiteElo "2435"]
[BlackElo "2222"]

1.e4 c5 2.Nf3 d6 3.d4 cxd4 4.Nxd4 Nf6 5.Nc3 a6 6.f3 e5 7.Nb3 Be7 8.Be3 Be6
9.Qd2 O-O 10.O-O-O a5 11.Bb5 Na6 12.Kb1 Nc7 13.Bb6 Qc8 14.Ba4 Ra6 15.Qf2 Na8
16.Be3 Bc4 17.Nd2 b5 18.Nxb5 Be6 19.c4 Nd7 20.Nc3 f5 21.exf5 Bxf5+ 22.Ka1 Nc7
23.Nde4 Qb7 24.Bxd7 Bxd7 25.Nc5 Qc6 26.Nxa6 Nxa6 27.Nd5 Bd8 28.Bb6 Qxc4 29.Bxd8 Rxd8
30.Qb6 Ra8 31.Qb7 Rd8 32.Nb6 Qb5 33.Qd5+ Kf8 34.Qxd6+  1-0

[Event "7th ch-Euro Senior"]
[Site "Hockenheim GER"]
[Date "2007.06.05"]
[Round "4"]
[White "Wanner,G"]
[Black "Luebbers,D"]
[Result "1-0"]
[WhiteElo "1770"]
[BlackElo "1668"]

1.e4 c5 2.Nf3 d6 3.d4 cxd4 4.Nxd4 Nf6 5.Nc3 a6 6.f3 e6 7.Be3 Be7 8.Qd2 b5
9.O-O-O Bb7 10.g4 Nc6 11.g5 Nd7 12.h4 Nde5 13.f4 Nc4 14.Bxc4 bxc4 15.Nxc6 Bxc6
16.Qd4 O-O 17.h5 Re8 18.h6 e5 19.fxe5 Bxg5 20.exd6 Bxe3+ 21.Qxe3 Re6 22.hxg7 Rg6
23.Rhg1 Rxd6 24.Qc5 Rxd1+ 25.Rxd1 Qf6 26.Qxc4 Bb7 27.Qd4 Qe7 28.Nd5 Bxd5
29.exd5 Rd8 30.c4 Qg5+ 31.Kb1 f6 32.d6 h5 33.c5 Qf5+ 34.Ka1 Kxg7 35.d7 Qe6
36.Qd6 Kf7 37.c6 Qxd6 38.Rxd6 Ke7 39.c7 Rxd7 40.c8=Q Rxd6 41.a3 h4  1-0

[Event "Salongernas IM"]
[Site "Stockholm SWE"]
[Date "2007.06.09"]
[Round "1"]
[White "Winge,S"]
[Black "Mikkelsen,N"]
[Result "0-1"]
[WhiteElo "2285"]
[BlackElo "2294"]

1.e4 c5 2.Nf3 d6 3.d4 cxd4 4.Nxd4 Nf6 5.Nc3 a6 6.f3 e6 7.Be3 b5 8.g4 Nfd7
9.Qd2 Nb6 10.Qf2 N8d7 11.Bd3 Bb7 12.Nb3 Rc8 13.Ne2 d5 14.O-O-O Be7 15.Rhg1 O-O
16.e5 Nc4 17.f4 a5 18.Nbd4 Nc5 19.Kb1 Ba6 20.Qg3 b4 21.Qh3 g6 22.Bxc4 Bxc4
23.f5 Ne4 24.f6 Nxf6 25.exf6 Bxf6 26.Qg2 e5 27.Nf3 Qc7 28.Nc1 d4 29.Bh6 Rfe8
30.Ng5 Bh8 31.Ne4 Qc6 32.Rge1 a4 33.Qf2 Bd5 34.Rf1 b3 35.axb3 axb3 36.Rd3 bxc2+
37.Ka1  0-1